000 00715nam a2200289Ia 4500
005 20260324130222.0
008 008 260324s9999 xx 000 0 eng d
020 _a9780429249747
037 _aEBOOK
040 _aCRL
040 _beng
040 _cCRL
041 _2eng
041 _aeng
084 _qCRL
100 _aMichael Opheim; Nicholas Bowen; Paul Viotti
_91180949
245 0 _aTerrorism and Homeland Security
245 0 _bThinking Strategically About Policy
260 _bTaylor and Francis
260 _c2008
365 _a
365 _b350
856 _uhttp://www.taylorfrancis.com/books/9780429249747
942 _cEBOOK
999 _c1776929
_d1776929